| 000 | 00561nam a2200181Ia 4500 | ||
|---|---|---|---|
| 003 | SGT | ||
| 020 | _a9788122423600 | ||
| 082 |
_a5.1 _bAGG |
||
| 100 | _aAggarwal,K.K | ||
| 245 | _aSoftware engineering | ||
| 250 | _a3rd Ed. | ||
| 260 |
_bNew Age International Publication _aNew Delhi _c2008 |
||
| 300 | _a507p. | ||
| 650 | _aCOMPUTER SCIENCE | ||
| 653 | _aINTRODUCTION TO SOFTWARE ENGINEERING , SOFTWARE LIFE CYCLE MODELS,SOFTWARE REQUIREMENTS ANALYSIS AND SPECIFICATIONS, SOFTWARE PROJECT PLANNING | ||
| 700 | _aSingh,Yougesh | ||
| 942 |
_2ddc _cBK _023 |
||
| 999 |
_c5337 _d5337 |
||